Statistics for Pokémon with "Q" in there Name

Click here to take the quiz!

General Stats

  • This quiz has been taken 18 times
  • The average score is 5 of 12

Answer Stats

TypePokémon% Correct
Water & GroundQuagsire
73%
Water & PoisonQwilfish
73%
Water & BugAraQuanid
60%
FireQuilava
60%
FireCyndaQuil
40%
GrassQuilladin
40%
WaterSQuirtle
40%
Normal & FlyingTranQuill
40%
Bug & FlyingMasQuerain
33%
Poison & GroundNidoQueen
33%
Dragon & FlyingRayQuaza
27%
Bug & FlyingVespiQuen
20%

Score Distribution

Percentile by Number Answered

Percent of People with Each Score

Your Score History

You have not taken this quiz